| 000 | 05128 a2200553 4500 | ||
|---|---|---|---|
| 005 | 20090506122216.0 | ||
| 008 | 090506t xxu||||| |||| 00| 0 eng d | ||
| 010 | _aENG-89196 B-312228-245 | ||
| 020 |
_a9788120334519 _c450.00 |
||
| 035 | _aEN-72729 | ||
| 035 | _aB-312228-245 | ||
| 035 | _aB-358638 | ||
| 037 | _bDBAD / PUB | ||
| 037 | _bUBH | ||
| 040 |
_adpl _bEnglish |
||
| 082 | _a005.3 | ||
| 100 | _aPreppernau, Joan | ||
| 245 |
_aMicrosoft Office Home and Student 2007 step by step / _cby Joan Preppernau, Joyce Cox [and] Curtis Frye |
||
| 260 |
_aNew Delhi _bPrentice- Hall of India _c2008 |
||
| 270 |
_aM-97 Connaught Circus _bNew Delhi _e110001 |
||
| 300 |
_alxiii, 445p. _c24cm (pbk) _eCD-ROM |
||
| 500 | _aIncludes index | ||
| 700 | _aPreppernau, Joan | ||
| 700 | _aCox, Joyce | ||
| 700 | _aFrye, Curtis | ||
| 942 |
_adpl _cEN _k005.3 / PRE _2ddc _h005.3 _mPRE |
||
| 999 |
_c10207 _d10207 |
||